000 00317nam a22001457a 4500
008 211014b ||||| |||| 00| 0 eng d
020 _a2900321705005
041 _aeng
080 _212th
_a541
082 _a541
100 _a12
101 _aKIM
245 _aSolutions to Exercises
_cWilson,R
942 _2udc
_cBK
999 _c58229
_d58229